00964 2200301 4500001002100000005001500021035002000036007000300056008004100059082002100100084002300121100003200144245012700176250002400303300003400327650001800361700003300379700003300412264004300445336002100488337003000509338002300539040002200562090002200584850001200606999002200618990002200640INLIS00000000088136420230830013126 a0010-0823000854ta230830b2022 xx a b 1 ind d04223a398.20959827 a398.20959827 BAG g0 aBagong SoebardjoePengarang10aGajah Wong :bcerita rakyat dari Yogyakarta /cBagong Soebardjo; penyunting, Yessy Sinubulan; ilustrator, Bagong Soebardjo aCetakan kedua, 2022 a29 halaman :bgambar ;c30 cm aCerita rakyat0 aSinubulan, YessyePenyunting0 aBagong SoebardjoeIlustrator31aSleman :bRumah Dongeng Mentari,c2022 2rdacontentateks 2rdamediaatanpa perantara 2rdacarrieravolume aYOPDYOGbinderda aCB-D.11 2022-4184 aYOPDYOG aCB-D.11/2022-4184 aCB-D.11/2022-4184